10 Players Better Than Kobe Bryant - Statistics

General Stats
  • This quiz has been taken 136 times
  • The average score is 8 of 10
Answer Stats
Hint Answer % Correct
4x MVP, 4x FMVP, 4 Rings LeBron James
100%
5x MVP, 6x FMVP, 6 Rings MIchael Jordan
98%
6x MVP, 1x FMVP,6 Rings Kareem Abdul-Jabbar
84%
5x MVP, 0x FMVP, 11 Rings Bill Russell
78%
3x MVP, 3x FMVP, 5 Rings Magic Johnson
75%
1x MVP, 3x FMVP, 4 Rings Shaquille O'Neal
73%
4x MVP, 1x FMVP, 2 Rings WIlt Chamberlain
72%
3x MVP, 2x FMVP, 3 Rings Larry Bird
71%
2x MVP, 3x FMVP, 5 Rings Tim Duncan
57%
2x MVP, 2x FMVP, 2 Rings Hakeem Olajuwon
45%
No matching quizzes found
Score Distribution
Percent of People with Each Score
Percentile by Number Answered
Your Score History
You have not taken this quiz